Taylor Swift - Tied Together with a Smile - Statistics

General Stats
  • This quiz has been taken 7 times
  • The average score is 208 of 253
Answer Stats
Answer % Correct
a
100%
all
100%
And
100%
and
100%
at
100%
be
100%
But
100%
but
100%
don't
100%
go,
100%
he
100%
I
100%
in
100%
Is
100%
it
100%
it's
100%
It's
100%
know
100%
mirror
100%
no
100%
not
100%
Oh
100%
Oh,
100%
on,
100%
one
100%
only
100%
see
100%
smile
100%
smile,
100%
the
100%
The
100%
tied
100%
to
100%
together
100%
up
100%
who
100%
with
100%
With
100%
you
100%
You
100%
your
100%
you're
100%
You're
100%
away
83%
back
83%
coming
83%
here
83%
knows
83%
love
83%
might
83%
out
83%
tell
83%
That
83%
that
83%
that's
83%
undone
83%
baby,
67%
baby
67%
'Cause
67%
'cause
67%
face
67%
into
67%
like
67%
looking
67%
thinking
67%
wanted
67%
was
67%
anyone
50%
beauty
50%
change
50%
cry,
50%
doesn't
50%
end
50%
givin'
50%
his
50%
losing
50%
walk
50%
will
50%
around
33%
extra
33%
golden
33%
Goodbye,
33%
guess
33%
high,
33%
Hold
33%
Hoping
33%
jumping
33%
leaves
33%
letting
33%
pay
33%
penny
33%
pocket
33%
pretty
33%
price
33%
rain
33%
Seems
33%
true
33%
water's
33%
woah,
33%
woah
33%
No matching quizzes found
Score Distribution
Percent of People with Each Score
Percentile by Number Answered
Your Score History
You have not taken this quiz